Nicki Minaj trivia - Statistics

General Stats
  • This quiz has been taken 335 times
  • The average score is 6 of 15
Answer Stats
Hint Answer % Correct
Birth name Onika Tanya Maraj
99%
First album Pink friday
63%
Label Young money, Cash money, Republic
56%
Tv-show with Nicki as one of the judges American idol
55%
Octuple-platinum certified song Super Bass
45%
Alter ego Roman zolanski
43%
Currently dating Meek mill
41%
Ex boyfriend Safaree samuels
34%
Which sècret did Nicki reveal in her song "All things go" Abortion
33%
Brand for which She endorsed makeup MAC
28%
Album's lead single Your love
28%
Movie she appeared in The other woman
27%
mother of ^ Martha Zolanski
26%
Childhood alter ego who alter became Nicki Minaj Cookie
24%
Nicki was once an opening act for Britney Spears
11%
No matching quizzes found
Score Distribution
Percent of People with Each Score
Percentile by Number Answered
Your Score History
You have not taken this quiz